| 000 | 00465cam a2200193ua 4500 | ||
|---|---|---|---|
| 001 | 1821 | ||
| 008 | 110811n ii |||gr||||Z||||||eng | ||
| 020 | _a81-7024-024-7 | ||
| 040 | _cMAIN | ||
| 082 | _a297.77 | ||
| 100 | _aKhan, Mohd. Sharif, | ||
| 245 | 1 |
_aIslamic education _cby Mohd. Sharif Khan |
|
| 250 | _a1st. | ||
| 260 |
_aNew Delhi: _bAshish publishinh house,986. |
||
| 300 | _a85p. | ||
| 653 | _aEducation | ||
| 653 | _aIslamic education | ||
| 942 | _cBK | ||
| 999 |
_c1705 _d1705 |
||